000 00340nam a22001457a 4500
003 MPLRDC
005 20220104145635.0
008 210129b ||||| |||| 00| 0 eng d
082 _a833.5 HYY
100 _a胡云翼选辑
245 _a词选
_c
260 _a
_b香港文渊书店
_c1958
650 _a词总集
942 _cBK
_o833.5 HYY
999 _c51431
_d51421